| 000 | 00883cab a22001935a 4500 | ||
|---|---|---|---|
| 001 | L144104 | ||
| 008 | 080618e20080613xxk f 000 0 eng d | ||
| 035 | _a(Sirsi) u144104 | ||
| 041 | 0 | _aeng | |
| 100 | 1 | _aDear, Bruce | |
| 245 | 0 | 0 | _aSeconds out |
| 260 | _c2008 | ||
| 490 | 0 |
_aProperty Week _v73(24) 13 June 2008, 62-63(2) |
|
| 520 | _aNotes that commercial leases can become a battleground between landlord and tenant in harsh market conditions. Provides practical advice on key lease provisions which may become bones of contention: shedding surplus space, services charges and rents. Provides a checklist of points to consider with regard to service charges. Refers to relevant case law. | ||
| 590 | _aKA | ||
| 651 | 4 |
_aUnited Kingdom _y |
|
| 690 | _aPROPERTY-COMMERCIAL PROPERTY-LEASEHOLD COMMERCIAL PROPERTY-COMMERCIAL LANDLORD AND TENANT-COMMERCIAL LEASES | ||
| 942 | _n0 | ||
| 999 |
_c80341 _d80341 |
||